Filme von David Fincher - Statistiken

Allgemein
  • Dieses Quiz wurde 51 mal gespielt
  • Das Durchschnittsergebnis liegt bei 6 aus 11
Antwortstatistiken
Titel Jahr % Korrekt
Fight Club 1999
93%
Sieben 1995
82%
The Game 1997
55%
Zodiac 2007
55%
Gone Girl 2014
52%
The Social Network 2010
50%
Alien 3 1992
48%
Der seltsame Fall des Benjamin Button 2008
48%
Panic Room 2002
45%
Mank 2020
36%
Verblendung 2011
32%
Keine übereinstimmenden Quizze gefunden
Verteilung der Resultate
Anzahl Personen mit jedem Resultat
Perzentil nach korrekt beantworteten Fragen
Ihre Resultats-Entwicklung
Sie haben dieses Quiz noch nicht gespielt